Zwischen Identität und Authentizität : zur politischen Geschichte der Denkmalpflege in Deutschland
In welchem Kontext hat sich die Institution "Denkmalpflege" in Deutschland entwickelt und wie korrelier(t)en ihre "Wahr"-Nehmungs-, "Wert"-Schätzungs- und Umgangsstrategien gegenüber kulturellem Erbe mit dem deutschen "nation-buildung"-Prozess? Wie hat sich...
Saved in:
| Main Author: | |
|---|---|
| Document Type: | Thesis Book |
| Language: | German |
| Published: |
Dresden
: Thelem
, 2008
|
| Subjects: | |
| Online Access: | Inhaltsverzeichnis Book review (H-Net) Rezension Rezension Inhaltstext |
| Related Items: | Rezensiert in:
[Rezension von: Michael F. Falser, Zwischen Identität und Authentizität] Rezension: Michael S. Faser, Zwischen Identität und Authentizität, Zur politischen Geschichte der Denkmalpflege in Deutschland Rezensiert in: [Rezension von: Michael S. Falser, Zwischen Identität und Authentizität] Rezensiert in: [Rezension von: Falser, Michael S., 1973-, Zwischen Identität und Authentizität. Zur politischen Geschichte der Denkmalpflege in Deutschland] Rezensiert in: [Rezension] |
| Author Notes: | Michael S. Falser |
| LEADER | 07255cam a2201093 c 4500 | ||
|---|---|---|---|
| 001 | 550231226 | ||
| 003 | DE-627 | ||
| 005 | 20260615230142.0 | ||
| 007 | tu | ||
| 008 | 071122s2008 gw ||||| m 00| ||ger c | ||
| 010 | |a 2009461122 | ||
| 015 | |a 07,N49,1229 |2 dnb | ||
| 015 | |a 07,N49,1229 |2 dnb | ||
| 016 | 7 | |a 986350834 |2 DE-101 | |
| 020 | |a 3939888419 |q Kt. : EUR 44.80 |9 3-939888-41-9 | ||
| 020 | |a 9783939888413 |q : Kt. : EUR 44.80 |9 978-3-939888-41-3 | ||
| 024 | 3 | |a 9783939888413 | |
| 035 | |a (DE-627)550231226 | ||
| 035 | |a (DE-603)203797493 | ||
| 035 | |a (DE-576)275197387 | ||
| 035 | |a (DE-599)DNB986350834 | ||
| 035 | |a (OCoLC)271635807 | ||
| 035 | |a (OCoLC)254184599 | ||
| 035 | |a (OCoLC)1021332472 | ||
| 035 | |a (OCoLC)429817133 | ||
| 040 | |a DE-627 |b ger |c DE-627 |e rakwb | ||
| 041 | |a ger | ||
| 044 | |c XA-DE-SN | ||
| 050 | 0 | |a NA9199 | |
| 082 | 0 | |a 720 | |
| 082 | 0 | 4 | |a 360 |a 720 |
| 084 | |a 9,10 |2 ssgn | ||
| 084 | |a LB 35015 |q BVB |2 rvk |0 (DE-625)rvk/90543:778 | ||
| 084 | |a LH 60310 |2 rvk |0 (DE-625)rvk/94188: | ||
| 084 | |a LH 60300 |q DE-14/sred |2 rvk |0 (DE-625)rvk/94187: | ||
| 084 | |a 21.75 |2 bkl | ||
| 100 | 1 | |a Falser, Michael |d 1973- |0 (DE-588)133802345 |0 (DE-627)556387848 |0 (DE-576)275995801 |4 aut | |
| 245 | 1 | 0 | |a Zwischen Identität und Authentizität |b zur politischen Geschichte der Denkmalpflege in Deutschland |c Michael S. Falser |
| 264 | 1 | |a Dresden |b Thelem |c 2008 | |
| 300 | |a XI, 360 S. |b zahlr. Ill., graph. Darst., Kt. |c 27 cm | ||
| 336 | |a Text |b txt |2 rdacontent | ||
| 337 | |a ohne Hilfsmittel zu benutzen |b n |2 rdamedia | ||
| 338 | |a Band |b nc |2 rdacarrier | ||
| 500 | |a Literaturverz. S. 331 - 360 | ||
| 502 | |a Zugl.: Berlin, Techn. Univ., Diss., 2006 | ||
| 520 | |a In welchem Kontext hat sich die Institution "Denkmalpflege" in Deutschland entwickelt und wie korrelier(t)en ihre "Wahr"-Nehmungs-, "Wert"-Schätzungs- und Umgangsstrategien gegenüber kulturellem Erbe mit dem deutschen "nation-buildung"-Prozess? Wie hat sich umgekehrt die in Europa in ihrer Entwicklung sehr spezifische deutsche Nationalidentität auf Umgangsstrategien mit kulturellem Erbe ausgewirkt? Was sind Topoi im Diskurs zwischen nationaler Identitätskonstruktion und dem Umgang mit kulturellem Erbe? Wo und wie können Erfolge, Niederlagen und "Fehlentwicklungen" denkmalpflegerischer Theoriebildung und Praxis im deutschen "nation-building"-Prozess thematisiert werden und zur Schärfung des eigenen Profils und Sensoriums der Disziplin Denkmalpflege beitragen? Es geht um die politische Geschichte der Denkmalpflege in Deutschland. Sechs denkmalpolitische Fallbeispiele zwischen 1800 und 2000 stehen zur Diskussion und wagen einen gesamtheitlichen und zugleich interdisziplinären Blick | ||
| 583 | 1 | |a Archivierung/Langzeitarchivierung gewährleistet |f PESN |x XA-DE-SN |2 pdager |5 DE-14 | |
| 583 | 1 | |a Archivierung/Langzeitarchivierung gewährleistet |f SSG |x XA-DE-BW |2 pdager |5 DE-16 | |
| 648 | 7 | |a Geschichte 1795-2000 |2 gnd | |
| 650 | 0 | |a Architecture |x Conservation and restoration |z Germany |x History | |
| 650 | 0 | |a Historic preservation |z Germany |x History | |
| 650 | 0 | |a Historic preservation |x Political aspects |z Germany |z History | |
| 650 | 0 | 7 | |0 (DE-588)4011455-7 |0 (DE-627)106352695 |0 (DE-576)20889361X |a Denkmalpflege |2 gnd |
| 650 | 0 | 7 | |0 (DE-588)4041282-9 |0 (DE-627)104162430 |0 (DE-576)209044284 |a Nationalbewusstsein |2 gnd |
| 651 | 0 | |a Germany |x Cultural policy | |
| 651 | 7 | |0 (DE-588)4011882-4 |0 (DE-627)104704861 |0 (DE-576)208896155 |a Deutschland |2 gnd | |
| 655 | 7 | |a Hochschulschrift |0 (DE-588)4113937-9 |0 (DE-627)105825778 |0 (DE-576)209480580 |2 gnd-content | |
| 689 | 0 | 0 | |d g |0 (DE-588)4011882-4 |0 (DE-627)104704861 |0 (DE-576)208896155 |a Deutschland |2 gnd |
| 689 | 0 | 1 | |d s |0 (DE-588)4011455-7 |0 (DE-627)106352695 |0 (DE-576)20889361X |a Denkmalpflege |2 gnd |
| 689 | 0 | 2 | |d s |0 (DE-588)4041282-9 |0 (DE-627)104162430 |0 (DE-576)209044284 |a Nationalbewusstsein |2 gnd |
| 689 | 0 | 3 | |a z |2 gnd |a Geschichte 1795-2000 |
| 689 | 0 | |5 DE-101 | |
| 689 | 1 | 0 | |a z |2 gnd |a Geschichte 1795-2000 |
| 689 | 1 | |5 (DE-627) | |
| 751 | |a Berlin |0 (DE-588)4005728-8 |0 (DE-627)10482638X |0 (DE-576)208862560 |4 uvp | ||
| 787 | 0 | 8 | |i Rezensiert in |a Badstübner, Ernst, 1931 - |t [Rezension von: Michael F. Falser, Zwischen Identität und Authentizität] |d Regensburg : Schnell und Steiner, 2008 |w (DE-627)1551677733 |w (DE-576)481677739 |
| 787 | 0 | 8 | |i Rezension |a Conradi, Peter, 1932 - 2016 |t Michael S. Faser, Zwischen Identität und Authentizität, Zur politischen Geschichte der Denkmalpflege in Deutschland |d 2010 |w (DE-627)147657068X |w (DE-576)40657068X |
| 787 | 0 | 8 | |i Rezensiert in |a Conradi, Peter |t [Rezension von: Michael S. Falser, Zwischen Identität und Authentizität] |d 2008 |w (DE-627)191381162X |
| 787 | 0 | 8 | |i Rezensiert in |a Mörsch, Georg, 1940 - |t [Rezension von: Falser, Michael S., 1973-, Zwischen Identität und Authentizität. Zur politischen Geschichte der Denkmalpflege in Deutschland] |d 2008 |w (DE-627)892287071 |
| 787 | 0 | 8 | |i Rezensiert in |t [Rezension] |d 2010 |w (DE-627)1752564278 |
| 787 | 0 | 8 | |i Rezensiert in |w (DE-603)279482965 |
| 787 | 0 | 8 | |i Rezensiert in |w (DE-603)39480399X |
| 856 | 4 | 2 | |u http://www.gbv.de/dms/weimar/toc/550231226_toc.pdf |m V:DE-601 |m B:DE-Wim2 |q pdf/application |x Verlag |y Inhaltsverzeichnis |3 Inhaltsverzeichnis |7 1 |
| 856 | 4 | 2 | |u http://www.h-net.org/reviews/showrev.php?id=25973 |v 2016-07-13 |x Verlag |y Book review (H-Net) |7 1 |
| 856 | 4 | 2 | |u http://www.sehepunkte.de/2008/11/14115.html |m V:DE-576;X:Sehepunkte |q text/html |v 20180412105414 |3 Rezension |7 1 |
| 856 | 4 | 2 | |u https://www.hsozkult.de/publicationreview/id/rezbuecher-12142 |m V:DE-576;X:HSozKult |q text/html |v 20180418171720 |3 Rezension |7 1 |
| 856 | 4 | 2 | |u http://deposit.dnb.de/cgi-bin/dokserv?id=3024092&prov=M&dok_var=1&dok_ext=htm |m X: MVB |q text/html |v 20130501 |x Verlag |3 Inhaltstext |7 1 |
| 935 | |a BGTS | ||
| 935 | |i Blocktest | ||
| 936 | r | v | |a LB 35015 |b Deutschland insgesamt |k Sozial- und Kulturanthropologie. Empirische Kulturwissenschaft |k Ethnologie in der Praxis |k Denkmalpflege |k Europa |k Mitteleuropa |k Deutschland |k Deutschland insgesamt |0 (DE-627)127169512X |0 (DE-625)rvk/90543:778 |0 (DE-576)20169512X |
| 936 | r | v | |a LH 60310 |b Theorie und Prinzipien allgemein Denkmalpflege unter bestimmten Gesichtspunkten (z.B. unter soziologischen, geographischen, wirtschaftlichen oder juristischen Gesichtspunkten) |k Kunstgeschichte |k Allgemeines. Allgemeine Kunstgeschichte |k Denkmalpflege |k Theorie und Prinzipien allgemein Denkmalpflege unter bestimmten Gesichtspunkten (z.B. unter soziologischen, geographischen, wirtschaftlichen oder juristischen Gesichtspunkten) |0 (DE-627)1270651722 |0 (DE-625)rvk/94188: |0 (DE-576)200651722 |
| 936 | r | v | |a LH 60300 |b Handbücher, allgemeine Darstellungen, Geschichte |k Kunstgeschichte |k Allgemeines. Allgemeine Kunstgeschichte |k Denkmalpflege |k Handbücher, allgemeine Darstellungen, Geschichte |0 (DE-627)1270742744 |0 (DE-625)rvk/94187: |0 (DE-576)200742744 |
| 936 | b | k | |a 21.75 |j Denkmalpflege |j Stadtbildpflege |0 (DE-627)106415735 |
| 936 | s | n | |a l300 |2 mzub |
| 936 | s | n | |a m200 |2 mzub |
| 936 | s | n | |a l100 |2 mzub |
| 951 | |a BO | ||
| 990 | |a Deutschland | ||
| 990 | |a Denkmalpflege | ||
| 990 | |a Nationalbewusstsein | ||
| 990 | |a Geschichte 1795-2000 | ||
| 990 | |a Geschichte 1795-2000 | ||
| 991 | |a Rezensiertes Werk | ||
| 999 | |a KXP-PPN550231226 |e 4157512170 | ||


